|
|
|
|
| LEADER |
00000nam2a2200000 4500 |
| 001 |
328732 |
| 005 |
20231102004106.0 |
| 035 |
|
|
|a (RuTPU)RU\TPU\book\354432
|
| 035 |
|
|
|a RU\TPU\book\354431
|
| 090 |
|
|
|a 328732
|
| 100 |
|
|
|a 20170221d1924 k y0rusy50 ca
|
| 101 |
0 |
|
|a rus
|
| 102 |
|
|
|a RU
|
| 105 |
|
|
|a a z 000zy
|
| 200 |
0 |
|
|a Т. 42, № 5-9 : 1923 год
|f отв. ред. Н. Н. Яковлев
|
| 210 |
|
|
|d 1924
|
| 215 |
|
|
|a 93-247 с.
|c ил.
|e 6 табл.
|
| 461 |
|
1 |
|0 (RuTPU)RU\TPU\book\253549
|t Известия Геологического комитета
|f СССР, Геологический комитет (Геолком)
|v Т. 42, № 5-9 : 1923 год
|d 1883-1930
|
| 601 |
0 |
1 |
|a СССР
|b Геологический комитет (Геолком)
|c (1922-1930)
|2 stltpush
|3 (RuTPU)RU\TPU\col\18484
|
| 606 |
1 |
|
|a Геология
|2 stltpush
|3 (RuTPU)RU\TPU\subj\6095
|9 34054
|
| 610 |
1 |
|
|a библиотека М. А. Усова
|
| 610 |
1 |
|
|a заседания
|
| 610 |
1 |
|
|a протоколы
|
| 610 |
1 |
|
|a соляные источники
|
| 610 |
1 |
|
|a золоторудные месторождения
|
| 610 |
1 |
|
|a месторождения полезных ископаемых
|
| 610 |
1 |
|
|a серебро-свинцовые месторождения
|
| 610 |
1 |
|
|a Одесские лиманы
|
| 610 |
1 |
|
|a латериты
|
| 610 |
1 |
|
|a трилобиты
|
| 610 |
1 |
|
|a палеонтология
|
| 675 |
|
|
|a 55
|v 4
|
| 702 |
|
1 |
|a Яковлев
|b Н. Н.
|4 340
|
| 801 |
|
1 |
|a RU
|b 63413507
|c 20170220
|
| 801 |
|
2 |
|a RU
|b 63413507
|c 20170315
|g RCR
|
| 942 |
|
|
|c BK
|